000 01274nam a22003017a 4500
005 20140721164259.0
008 140516b2014 ck ||||| |||| 00| 0 spa d
020 _a9789585824638
020 _a9789585824607 (obra completa)
041 _aspa
044 _ack
082 _a338.1
_bB61g
110 1 _aFondo Biocomercio y Gestión Ambiental Estratégica
_924074
245 1 0 _aGuia Legal Ambiental de aprovechamiento de productos maderables y no maderables del bosque en Colombia
260 _aBogotá
_bFondo Biocomercio y Gestión Ambiental Estratégica
_c2014
300 _a39 p.
_c20 cm. +
_eCD-Rom
490 _aGuias Legales Ambientales de Biocomercio
_v3
505 _aCap 1 Como hacer una empresa de aprovechamiento de productos maderables y no maderables
505 _aCap 2 Productos maderables y no maderables - Definiciones
505 _aCap 3 Aprovechamiento de productos maderables y no maderables del bosque
505 _aCap 4 Obtentores de variedad de vegetales
590 _aNo trae CD-Rom
650 4 _aArboles maderables
_xaprovechamiento
_zColombia
_925035
650 4 _aMadera para construcción
_zColombia
_925036
650 4 _aProductos de la madera
_zColombia
_925037
650 4 _aProductos no maderables
_94464
942 _2ddc
_cImpreso
_01
999 _c8428
_d8428